| 000 | 01349nam a2200349 i 4500 | ||
|---|---|---|---|
| 003 | EG-GICUC | ||
| 005 | 20260121101417.0 | ||
| 008 | 251202s2007 ua ||||| |||| 00| 0 ara d | ||
| 017 | _a2007/15080 | ||
| 020 | _a977-17-4880-7 | ||
| 040 |
_a EG-GICUC _bara _c EG-GICUC _d EG-GICUC _erda |
||
| 041 | 0 | _aara | |
| 082 | 0 | 4 |
_221 _a343.46 _bا ي ,ح |
| 092 | 0 | 4 | _221 |
| 099 | _aLaw 1 343.46 ا ي ,ح 2007 | ||
| 100 | 0 |
_aأيمن عبد الحفيظ _eمؤلف. |
|
| 245 | 1 | 0 |
_aحماية بطاقات الدفع الإلكتروني / _cالدكتور أيمن عبد الحفيظ |
| 264 | 3 |
_aالدراسة _b ,مطابع الشرطة للطباعة والنشر والتوزيع _c2007. |
|
| 300 |
_a141؛ صفحة _c24 سم _bإيضاحيات، صور، مثيليات ؛ |
||
| 336 |
_2rda content _atext |
||
| 337 |
_2rda media _aComputer |
||
| 338 |
_2rda carrier _aOnline Resource |
||
| 504 | _a. 240-220 ببليوجرافيا: صفحات. | ||
| 650 | 1 | 4 |
_aالتشريعات المتعلقة بتقنية المعلومات _2qrmak |
| 650 | 1 | 4 |
_aحماية البيانات _2qrmak |
| 650 | 1 | 4 |
_aبطاقات الدفع الإلكتروني _2qrmak |
| 650 | 1 | 4 |
_aالقانون الجنائي _2qrmak |
| 651 | 1 | _2qrmak | |
| 856 | 4 | 0 | _uhttps://fll.law.cu.edu.eg/fulltext/bks/B10-06733.pdf |
| 905 | _a70 | ||
| 942 |
_2ddc _cBK _e21 _n0 |
||
| 999 |
_c47949 _d47949 |
||